000 00315 a2200145 4500
001 155520
040 _cEscola São Tomás de Aquino
100 _aFARACO
240 1 0 _aLingua e literatura
_lpor
245 1 0 _aLingua e literatura
300 _a54
362 0 _a1999
697 _aLíngua portuguesa
942 _cBK
999 _c155520
_d155520